000 00387nam a22001337a 4500
020 _a9781474601917
082 _a345.0251
_bSAN
100 _aSands, Philippe
245 _aEast West Street :
_bOn the Origins of "Genocide" and "Crimes Against Humanity" /
_cPhilippe Sands
260 _aLondon :
_bW&N,
_c2016.
300 _a464 p. ;
_c20 cm.
563 _aPBK.
942 _2ddc
_cBK
999 _c592452
_d592452